Statistics for NJ Municipalities - Hudson County

Click here to take the quiz!

General Stats

  • This quiz has been taken 74 times
  • The average score is 10 of 12

Answers on the Map

Answers color-coded by a green-red scale on the quiz's map according to % correct below.
 

Answer Stats

Answer% Correct
Jersey City
100%
West New York
96%
Bayonne
93%
Union City
93%
Hoboken
86%
North Bergen
82%
Weehawken
82%
Guttenberg
79%
Kearny
79%
Secaucus
79%
East Newark
68%
Harrison
64%

Score Distribution

Percentile by Number Answered

Percent of People with Each Score

Your Score History

You have not taken this quiz